000 00611nam a2200181 a 4500
001 000026130
005 20200930024328.0
008 110301s1970 ve r 000 f spa d
040 _aDO-SdBNP
_bspa
_cBNPHU
082 _annn
_bC492a
100 1 _aChateaubriand, François-René,
_d1768-1848
_953097
245 1 0 _aAtala. René :
_bel último abencerraje /
_cFrançois-René Chateaubriand.
260 _aCaracas, (Venezuela) :
_bInstituto Nacional de Cultura y Bellas Artes,
_c1970.
300 _a162, [6] p. ;
_c18 cm.
490 1 _aGrandes autores
_v11
830 0 _aGrandes autores ;
_v11
_911295
049 _aBNGR
999 _c25622
_d25622